| 000 | 00587nam a2200193Ia 4500 | ||
|---|---|---|---|
| 008 | 151119s9999||||xx |||||||||||||| ||und|| | ||
| 082 | _a891.462 | ||
| 082 | _bGKKV13880 | ||
| 100 | _aप्रभावळकर दिलीप | ||
| 245 | _aऐसे नवल वर्तले | ||
| 260 | _a-- | ||
| 260 | _b-- | ||
| 260 | _c1969 | ||
| 600 | _aप्रभावळकर दिलीप | ||
| 630 | _aऐसे नवल वर्तले | ||
| 700 | _aप्रभावळकर दिलीप | ||
| 730 | _aऐसे नवल वर्तले | ||
| 942 | _cBOOK | ||
| 999 |
_c1067475 _d1067472 |
||